Geography : F - Statistics

General Stats
  • This quiz has been taken 21 times
    3 since last reset
  • The average score is 22 of 93
Answer Stats
Hint Answer % Correct
Largest city in North Dakota Fargo
67%
Another name for this city Fes
67%
Large city in northern Morocco Fez
67%
Island nation in the South Pacific Fiji
67%
Country that 'won' the Winter War Finland
67%
Language spoken in that country Finnish
67%
People that live in that country Finns
67%
City in Michigan where drinking water got contaminated Flint
67%
Largest city in Tuscany Florence
67%
State in southeastern US Florida
67%
Where Key West is located Florida Keys
67%
City north of Miami, with its own large international airport Fort Lauderdale
67%
Twin city of Dallas Fort Worth
67%
Country north of Spain France
67%
Large financial city in Hesse with a huge airport Frankfurt
67%
Southeastern suburb of Melbourne Frankston
67%
Suburb of Perth Fremantle
67%
Large city in the Bay Area Fremont
67%
Language spoken in Reunion Island French
67%
Large city in eastern Pakistan Faisalabad
33%
Islands fought over between Argentina and the United Kingdom Falkland
33%
Largest city in the Algarve; region in southern Portugal Faro
33%
Island archipelago belonging to Denmark Faroe
33%
Historical region in southern Iran where the Persians originated Fars
33%
Another name for the Persian language Farsi
33%
Island nation in the North Pacific Federated States of Micronesia
33%
Name of the city in Italian Firenze
33%
Dutch-speaking region in Belgium Flanders
33%
People that live in that region Flemish
33%
Island between Victoria and Tasmania Flinders Island
33%
City next to a lake in northern Guatemala/Island in Indonesia Flores
33%
Former name of Taiwan/City in Argentina Formosa
33%
City next to Cape Coral Fort Myers
33%
Second largest city in Indiana Fort Wayne
33%
Satellite city of Guangzhou Foshan
33%
The name of the language in its own language Francais
33%
Sand island in Queensland Fraser
33%
Capital of Sierra Leone Freetown
33%
Large territory in the Pacific French Polynesia
33%
City in central California Fresno
33%
Tallest mountain in Japan/City nearby Fuji
33%
Coastal province in southeastern China Fujian
33%
Largest city in Kyushu Fukuoka
33%
Japanese city, prefecture and site of a nuclear accident Fukushima
33%
Capital of Tuvalu Funafuti
33%
Large city in the province Fuzhou
33%
Egyptian city near Qarun Lake Faiyum
0%
City east of Lucknow, in Uttar Pradesh Faizabad
0%
City in southern Massachusetts Fall River
0%
City west of Baghdad Fallujah
0%
City on the eastern coast of Cyprus Famagusta
0%
Tallest mountain in Vietnam Fansipan
0%
Large city just to the south of Delhi Faridabad
0%
City in eastern Darfur Fashir
0%
City in southern Uttar Pradesh Fatehpur
0%
Large city in North Carolina/Arkansas Fayetteville
0%
Another name for this city Fayzabad
0%
City in Bahia with an almost completely circular ring road Feira de Santana
0%
City in eastern Crimea Feodosia
0%
Fertile valley in eastern Uzbekistan/City in it Fergana
0%
Albanian name for Uroshevac Ferizaj
0%
City near the banks of the Po River, similar in name to a car brand Ferrara
0%
Turkish resort city on the southwestern Aegean coast Fethiye
0%
Remote city in northeastern Afghanistan Feyzabad
0%
Large inland region in Libya Fezzan
0%
City in southern Madagascar Fianarantsoa
0%
City in southwestern Albania Fier
0%
Language group that it belongs in Finno-Ugric
0%
Northernmost city in Germany Flensburg
0%
Newly-created province in the Netherlands Flevoland
0%
Another name for the Albanian city of Vlore Flora
0%
Large, skyscraper-filled city on Santa Catarina Island Florianopolis
0%
City in northern Greece Florina
0%
City in southern Moldavia Focsani
0%
Third largest city in Apulia Foggia
0%
Where Geronimo Mercuriali was born Forli
0%
Largest city in Ceara and a huge metropolis Fortaleza
0%
Largest city in Martinique Fort-de-France
0%
Town northeast of Watertown Fort Drum
0%
Coastal city further north Fort Pierce
0%
Brazilian city opposite Ciudad del Este Foz do Iguacu
0%
The German name for that country Frankreich
0%
City in the southwestern corner of Germany Freiburg
0%
Coastal city near Cannes Frejus
0%
Territory east of Suriname French Guiana
0%
Natural park in Victoria French Island
0%
Region in northern Netherlands, stretching into Germany Friesland
0%
Desert lake in South Australia Frome
0%
City on the eastern coast of the UAE Fujairah
0%
City in western Japan Fukui
0%
Largest city in Madeira Funchal
0%
Island in Denmark containing the city of Odense Funen
0%
City east of Shenyang Fushun
0%
No matching quizzes found
Score Distribution
Percent of People with Each Score
Percentile by Number Answered
Your Score History
You have not taken this quiz since the last reset